[Event "GER-ch 73th"]
[Site "Altenkirchen"]
[Date "2001.12.01"]
[Round "2"]
[White "Bischoff, Klaus"]
[Black "Schlindwein, Rolf"]
[Result "1-0"]
[WhiteElo "2541"]
[BlackElo "2436"]
[Annotator "Finkel,A"]
[PlyCount "45"]
[EventDate "2001.11.30"]
[EventType "swiss"]
[EventRounds "9"]
[EventCountry "GER"]
[SourceTitle "CBM 087"]
[Source "ChessBase"]
[SourceDate "2002.03.21"]
[SourceVersion "1"]
[SourceVersionDate "2002.03.21"]
[SourceQuality "1"]

1. Nf3 Nc6 2. d4 d5 3. e3 Bg4 4. Be2 Nf6 5. Nbd2 {Not the most dangerous set
up for black, but quiet poisonous one.} e6 6. h3 (6. c3 a6 (6... Bd6 7. h3 Bh5
8. O-O O-O 9. Ne1 Bxe2 10. Qxe2 e5 11. dxe5 Nxe5 $15 {Gasztonyi,E-Haag,E/
Budapest 1963/MCL}) 7. Ne5 Bxe2 8. Qxe2 Nxe5 9. dxe5 Nd7 10. f4 Bc5 $11 {
Cubero Ferreiro,R-Rodriguez Lamas,M/Vila de Padron 2000/EXT 2001}) (6. O-O Be7
7. c4 (7. b3 O-O 8. Bb2 a5 9. a3 Re8 10. c4 Bf8 11. Rc1 Ne7 12. Re1 $14 {
Jukic,J-Stanic,V/Medulin 1997/EXT 99}) 7... O-O 8. b3 h6 9. Bb2 Bf5 10. Rc1 Nb4
11. a3 Nd3 12. Bxd3 Bxd3 13. Re1 c6 $11 {Timar,Z-Chetverik,M/Budapest 1995/CBM
46 ext}) (6. b3 Bb4 7. Bb2 Ne4 8. O-O Bc3 9. Rb1 Bxb2 10. Rxb2 Nc3 $11 {
Aurel,L-Antal,G/Paris 1999/EXT 2000}) 6... Bf5 (6... Bxf3 7. Nxf3 Bd6 8. O-O
Ne7 9. c4 c6 10. Bd2 $14 {Eperjesi,L-Fritz,R/Lienz 1988/EXT 97}) 7. a3 {
Otherwise Nb4 was coming.} a6 8. b3 h6 9. Bb2 b5 $6 {Not fully justified
decision weakening the position of black knight on c6.} (9... Be7 10. c4 O-O
11. O-O Re8 12. Rc1 Ne4 13. Nxe4 Bxe4 14. Nd2 Bf5 15. Bf3 Bf6 $132 {[%cal
Gc6e7]}) 10. c4 $14 b4 $8 (10... bxc4 $6 11. bxc4 Be7 12. Qa4 Qd7 13. cxd5 exd5
14. Rc1 $16) 11. Qc1 $5 {[%csl Rc6]} dxc4 12. Qxc4 ({Not so bad was} 12. Nxc4
bxa3 13. Bxa3 Nb4 14. O-O Be7 15. Nce5 $14 {with serious pressure.}) 12... Na5
13. Qc1 Ne4 $6 {It's always dangerous to start an active piece play while the
king is still in the center and devlopment of the pieces is far from being
completed and black is punished severely for doing so.} 14. O-O Qd5 $5 15. axb4
$1 {Increasing the pressure.} (15. Qxc7 $5 Bd6 16. Qc1 Nxb3 17. Nxb3 Qxb3 18.
Bc4 Qa4 19. axb4 Qxb4 20. Rxa6 $16) 15... Bxb4 16. Ba3 $1 Nc3 (16... Bxd2 17.
Nxd2 Nxd2 18. Qxd2 Nxb3 19. Qb4 {[%csl Re7]} c5 20. Qa4+ $18 {[%csl Re8][%cal
Ge2c4]}) 17. Re1 Nxe2+ 18. Rxe2 {[%cal Ge3e4]} Bxa3 19. Qxa3 Qb5 $8 20. Ree1
Nc6 (20... Nb7 21. e4 Bh7 22. Rec1 $16) 21. Rec1 Bd3 $2 {A blunder in
difficult posiition.} 22. Rc5 Qb7 23. Qa4 (23. Qa4 Bb5 24. Rxb5 axb5 25. Qxa8+
$18) 1-0

[Event "Solin 12th"]
[Site "Solin/Split"]
[Date "2004.12.05"]
[Round "3"]
[White "Dizdarevic, Emir"]
[Black "Godena, Michele"]
[Result "1-0"]
[WhiteElo "2538"]
[BlackElo "2550"]
[Annotator "Finkel,A"]
[PlyCount "81"]
[EventDate "2004.12.03"]
[EventType "tourn"]
[EventRounds "9"]
[EventCountry "CRO"]
[EventCategory "10"]
[SourceTitle "CBM 105"]
[Source "ChessBase"]
[SourceDate "2005.04.11"]
[SourceVersion "1"]
[SourceVersionDate "2005.04.11"]
[SourceQuality "1"]

1. Nf3 d5 2. g3 c6 3. Bg2 Bg4 4. d4 Nd7 5. Nbd2 Ngf6 6. O-O e6 7. Re1 Be7 8. e4
O-O (8... dxe4) 9. c3 Rc8 10. Qb3 (10. b4 a5 11. a3 Ra8 12. Bb2 Nb6 13. e5 Ne8
14. Qb3 axb4 15. axb4 Nc7 16. Rxa8 Nbxa8 17. Ra1 Nb5 $11 {Speelman,J-Chernin,A/
New York 1995}) (10. e5 Ne8 11. Nf1 c5 12. h4 cxd4 13. cxd4 Bh5 14. Bd2 Rc6 15.
Bh3 Qb6 16. Bc3 f5 $132 {Shchekachev,A-Solozhenkin,E/Avoine 1995}) (10. h3 Bh5
11. Qa4 (11. Qb3 Qb6 12. Nh4 Nxe4 13. Nxe4 dxe4 14. Rxe4 Rfe8 15. g4 Bg6 16.
Nxg6 hxg6 17. g5 e5 $11 {Speelman,J-Sasikiran,K/Hove 1997}) 11... a5 12. Qb3 b5
13. a4 b4 14. e5 Ne8 15. c4 Nc7 16. c5 f6 17. exf6 Bxf6 $15 {Strikovic,
A-Cabrilo,G/Niksic 1996}) 10... Qc7 (10... Qb6 11. exd5 (11. Ne5 Nxe5 12. dxe5
Nd7 13. Qxb6 Nxb6 14. a4 Rfd8 15. a5 Nd7 16. f4 dxe4 17. Nxe4 $14 {Prihotko,
A-Burlai,O/Alushta 2004}) 11... cxd5 12. Ne5 (12. Qxb6 Nxb6 13. Ne5 Bf5 14. a4
Rfd8 15. Nf1 h6 16. Ne3 Be4 17. f3 Bh7 18. Bf1 Nbd7 19. Nd3 Bd6 $11 {
Dizdarevic,E-Zaja,I/Solin 1996}) 12... Nxe5 13. Qxb6 axb6 14. Rxe5 b5 15. a3
Ra8 16. b4 $14 {Yandemirov,V-Khenkin,I/Bad Wiessee 1998}) 11. e5 {After
closing the center white can start an actions on the kingside.} (11. exd5 cxd5
12. Nf1 Bd6 13. Bg5 h6 14. Bxf6 Nxf6 15. N1d2 Bf5 16. a4 Nd7 $13 {Sale,
S-Korobov,A/Dubai 2004}) 11... Ne8 12. Nf1 Qb6 (12... c5 13. Bg5 Bxg5 14. Nxg5
h6 (14... cxd4 15. cxd4 Nb8 16. Ne3 Bh5 17. Qa3 $14 {Smejkal,J-King,D/Germany
1997/GER-chT}) 15. Ne3 hxg5 16. Nxg4 Nb6 17. Qd1 cxd4 18. Qxd4 $14 {Smejkal,
J-Boensch,U/Germany 1996/GER-chT}) 13. Bg5 {Sooner or later black will have to
push c5, so trading the darksquared bishop is a very logical step.} Bxg5 14.
Nxg5 h6 {I guess it was safer for black to trade the queens, however after} (
14... Qxb3 15. axb3 a6 16. Ne3 Bh5 17. b4 Bg6 18. b3 Nc7 19. f4 $14 {[%cal
Gg5h3,Gh3f2,Gg3g4,Ga1c1] white gets very comfortable position.}) 15. Ne3 Bh5
16. Nh3 Bg6 17. Nf4 Bh7 18. Qa3 $5 $14 Nc7 (18... c5 $2 19. Bxd5 cxd4 20. cxd4
exd5 (20... Qxd4 21. Nxe6 $1 fxe6 22. Bxe6+ Kh8 23. Bxd7 $18) 21. Nexd5 Qd8 22.
e6 $1 fxe6 23. Nxe6 $18) (18... Nc7) 19. Rad1 c5 20. dxc5 Qxc5 (20... Nxc5 21.
c4 $1 $16) 21. Qxc5 Nxc5 22. c4 dxc4 23. Nxc4 Nb5 24. Na5 $6 {More dangerous
for black was} (24. Nd6 $1 Nxd6 25. exd6 {and it's very difficult for black to
deal with white passer.} b6 26. d7 Rcd8 27. Bc6 a5 28. a3 a4 29. Re3 Bf5 30.
Rd6 $16) 24... Na4 (24... Rc7 25. b4 Na6 26. a4 Nc3 27. Rd4 b6 28. Nc6 Nxa4 29.
Ra1 b5 $13) 25. Nxb7 Nxb2 26. Rd7 Rc2 (26... Nc4 27. Bf1 $14) 27. Bh3 Rb8 28.
Nd8 Rc7 29. Rxc7 Nxc7 30. Nc6 Rb6 31. Rc1 g5 32. Nh5 Nd3 $2 (32... Nd5 33. Nb4
$1 Ne7 34. Rc7 $16) 33. Ne7+ Kf8 34. Rxc7 $18 Rb1+ 35. Bf1 Nxe5 36. f4 Nf3+ (
36... gxf4 37. gxf4 Bd3 38. fxe5 Rxf1+ 39. Kg2 Re1 40. Nc6 $18) 37. Kf2 Nxh2
38. Be2 Be4 39. Ke3 f5 40. Nf6 gxf4+ 41. Kxf4 1-0

[Event "FRA-chT Top 16 GpA"]
[Site "Mulhouse"]
[Date "2005.02.05"]
[Round "2"]
[White "Chuchelov, Vladimir"]
[Black "Motwani, Paul"]
[Result "0-1"]
[WhiteElo "2571"]
[BlackElo "2543"]
[Annotator "Finkel,A"]
[PlyCount "52"]
[EventDate "2005.02.04"]
[EventType "team"]
[EventRounds "7"]
[EventCountry "FRA"]
[SourceTitle "CBM 106"]
[Source "ChessBase"]
[SourceDate "2005.06.06"]
[SourceVersion "1"]
[SourceVersionDate "2005.06.06"]
[SourceQuality "1"]

1. Nf3 d5 2. d4 Nc6 3. g3 (3. c4) 3... Bg4 4. Bg2 Qd7 5. h3 Bh5 6. O-O f6 (6...
e6 7. c4 f5 8. cxd5 exd5 9. Nc3 O-O-O 10. Bf4 Nf6 11. Rc1 Ne4 12. Nb5 $16 {
Yermolinsky,A-Reprintsev,A/Alexandria 1996}) (6... O-O-O 7. c3 (7. a4 f6 8. a5
a6 9. Bf4 g5 10. Be3 e6 11. c3 Nge7 12. b4 Nf5 13. Bc1 Bg6 $132 {Lopushnoy,
D-Raetsky,A/Smolensk 2000}) (7. Nbd2 f6 8. c3 e5 9. dxe5 fxe5 10. Nb3 Nf6 11.
Be3 Kb8 12. Nc5 Bxc5 13. Bxc5 Rhe8 $13 {Sale,S-Raetsky,A/Abu Dhabi 2001}) 7...
f6 8. b4 g5 9. Nfd2 Nh6 10. Nb3 e6 11. Na3 Nf7 12. Nc5 Bxc5 13. bxc5 $36 {
Eckhardt,C-Dergatschova Daus,A/Weilburg 1999}) (6... Bxf3 7. exf3 e6 8. f4 g6
9. c3 Bg7 10. Nd2 Nge7 11. Re1 O-O $13 {Fang,J-Merwin,S/Las Vegas 2004}) 7. c4
(7. Nbd2 g5 8. e4 Nxd4 9. g4 Nxf3+ 10. Qxf3 Bg6 11. exd5 h5 12. Nc4 hxg4 13.
hxg4 Rh4 $132 {Nemeth,A-Kakuk,S/Hungary 2002}) 7... e6 8. Nc3 (8. cxd5 exd5 9.
Nc3 O-O-O 10. Qa4 Kb8 11. Bd2 Nge7 12. Ne1 $14 {[%cal Ge1d3,Gd3c5,Ge2e3,Gb2b4]}
) 8... Nge7 9. g4 $6 {[%csl Rg1,Rg4] White probably overestimated an
importance of transferring e4, otherwise I find it difficult to explain 9.g4?!}
Bf7 10. e4 $6 dxc4 11. Be3 (11. Qa4 h5 12. g5 e5 13. Rd1 exd4 14. Nxd4 Nxd4 15.
Qxd7+ Kxd7 16. Rxd4+ Kc8 $15) 11... h5 12. g5 Ng6 13. Qe2 e5 $1 $15 14. Rad1
Bd6 15. Nd5 (15. d5 Na5) 15... O-O-O 16. gxf6 exd4 17. fxg7 (17. Nxd4 Nxd4 18.
Rxd4 gxf6 19. f4 Nh4 $17) 17... Rhg8 18. Nxd4 (18. Nf6 $5 Qe6 (18... d3 19. Qd2
Qe6 20. Nxg8 Bxg8 21. Ng5 Qe7 22. f4 $13) 19. Nxg8 dxe3 20. Ng5 Qe5 21. Rxd6
Qxg5 22. Rxd8+ Qxd8 23. Nh6 Nf4 24. Qf3 Nd4 $132) 18... Nh4 19. Nf6 $2 ({
After correct 19.N:c6 the position is far from being clear.} 19. Nxc6 Qxc6 20.
Bd4 Qe8 (20... Nxg2 21. Qf3 $5 $13) 21. Qe3 Nxg2 22. Kxg2 Be5 $36) 19... Rxg7
$19 20. Nf5 (20. Nxd7 Rxg2+ 21. Kh1 Rh2+ 22. Kg1 Rg8+ $19) 20... Rxg2+ 21. Kh1
Rh2+ 22. Kg1 Qe6 23. Nh7 Rg8+ 24. Ng5 Qxe4 25. Nxd6+ cxd6 26. Qg4+ hxg4 0-1

[Event "EU-chT (Men) 13th"]
[Site "Leon"]
[Date "2001.11.07"]
[Round "2.1"]
[White "Kengis, Edvins"]
[Black "Bogdanovski, Vlatko"]
[Result "1-0"]
[WhiteElo "2561"]
[BlackElo "2430"]
[Annotator "Finkel,A"]
[PlyCount "69"]
[EventDate "2001.11.06"]
[EventType "team-swiss"]
[EventRounds "9"]
[EventCountry "ESP"]
[SourceTitle "CBM 086"]
[Source "ChessBase"]
[SourceDate "2002.02.05"]
[SourceVersion "1"]
[SourceVersionDate "2002.02.05"]
[SourceQuality "1"]
[WhiteTeam "Latvia"]
[BlackTeam "Macedonia"]
[WhiteTeamCountry "LAT"]
[BlackTeamCountry "MKD"]

1. Nf3 Nf6 2. g3 d5 3. Bg2 c6 4. O-O Bg4 5. d4 Nbd7 6. Nbd2 e6 7. Re1 Be7 8. e4
{This variation leads to the position in which white doesn't face a danger of
losing at all,but his winning chanses are minimal either.} dxe4 9. Nxe4 Nxe4 (
9... O-O 10. c3 Bf5 (10... Re8 11. Qb3 Qb6 12. Ned2 c5 13. h3 Bh5 14. Qxb6 axb6
15. Ne5 cxd4 16. Nxd7 Nxd7 17. cxd4 Ra7 18. Ne4 $14 {Speelman,J-Dreev,A/Geneva
PCA-rapid/1996/}) 11. Nxf6+ Bxf6 12. Bf4 Re8 13. Ne5 Nxe5 14. Bxe5 Bxe5 15.
Rxe5 $14 {Hansen,LB-Pyda,Z/Copenhagen Politiken Cup/1996/}) 10. Rxe4 Nf6 11.
Re1 O-O 12. c3 a5 (12... Qb6 13. Qb3 Bxf3 (13... Rfd8 14. Ne5 Bf5 15. Nc4 Qa6
$5 16. a4 Nd5 17. Bd2 Nb6 18. Ne5 $14 {Hansen,L-Rasmussen,K/DEN 1996/EXT 2000})
14. Bxf3 Rfd8 15. Bg5 h6 16. Bf4 Nd5 {1/2-1/2 Urban,J-Tseitlin,M/Budapest 1993/
EXT 97 (16)}) 13. a4 (13. h3 Bxf3 14. Qxf3 Qb6 15. Rb1 Rfd8 16. Be3 Nd5 17. Bd2
Rd7 18. Qe2 $14 {Speelman,J-Novikov,I/Calcutta 1996/CBM 50}) (13. Qb3 Bxf3 14.
Bxf3 Qd7 15. a4 Nd5 16. Bd2 Rfd8 17. Rad1 b5 18. Qc2 Rab8 $13 {Damljanovic,
B-Galego,L/Vila Real de Santo Antonio 1998}) 13... Qb6 14. h3 Bxf3 15. Bxf3 {
This structure may arise from different opening such as Alekhine defense,
Caro-Kan, french defense with minor differences.} (15. Qxf3 Rfd8 16. Qe2 Rd7
17. h4 c5 18. Be3 Rad8 19. Qb5 $1 $14 {Badea,B-Rausch,S/Litomysl 1997/EXT 99})
15... Rfd8 (15... Nd5 16. Qc2 Rfd8 $6 17. Bd2 Rd7 18. Rad1 Bf6 19. Bc1 Rad8 20.
h4 $14 {Hansen,L-Wells,P/Copenhagen 1996/CBM 54}) 16. Qc2 Rd7 17. Kg2 Rad8 18.
Re2 h6 (18... c5 $5 19. dxc5 (19. Be3 Nd5 20. dxc5 Nxe3+ 21. Rxe3 Bxc5 $11)
19... Bxc5 20. Bg5 h6 (20... Be7 $6 21. Re5 $1 {[%csl Ra5,Rb7][%cal Ge5b5]} Nd5
(21... h6 $6 22. Rb5 Qa7 23. Be3 $14) 22. Bxe7 Nxe7 23. Rb5 Qa7 24. Rd1 Rxd1
25. Bxd1 b6 26. Bf3 Qc7 27. Qe4 $14) 21. Bxf6 gxf6 22. Rae1 f5 $11) 19. Bd2 c5
20. dxc5 Bxc5 $6 {Permitting white to start an actions on the queenside.} (
20... Qxc5 $5 21. Be3 Qc7 22. Rae1 Nd5 23. Bd4 Bc5 $11) 21. b4 $1 Be7 (21...
axb4 22. cxb4 (22. Rb1 $2 b3 23. Rxb3 Rxd2 $1 $19 {[%csl Rb3]}) 22... Bxf2 23.
a5 $1 Qa7 (23... Qd4 24. Bc3 $18) 24. Rxf2 Qxf2+ 25. Kxf2 Rxd2+ 26. Qxd2 Rxd2+
27. Ke3 Rd7 28. b5 $14) 22. Rb1 axb4 23. cxb4 $14 Nd5 24. b5 Rc7 (24... Qc5 $5
25. Qb3 b6 26. Rc1 Qd4 27. Rc6 $14) 25. Qb3 Qd4 26. b6 Rcc8 (26... Rc6 27. a5)
27. Be1 $5 Bf6 28. Re4 Qc5 29. a5 {It's not so easy for black to find
counterplay in this position, which explains to certain extent his blunder on
the next move.} Bc3 $2 30. Rc1 $18 {[%cal Gc1c5] Winning a piece or a queen.}
Qxa5 (30... Rd6 31. Bxc3 Nxc3 32. Re3 $18) 31. Ra4 Bxe1 (31... Qxb6 32. Bxd5
Qxb3 33. Bxb3 b5 34. Ra7 $18) 32. Rxc8 $1 Rxc8 33. Rxa5 Bxa5 34. Bxd5 exd5 35.
Qxd5 (35. Qxd5 Bxb6 36. Qxb7 $18) 1-0

[Event "Ubeda op 5th"]
[Site "Ubeda"]
[Date "2000.01.24"]
[Round "6"]
[White "Yandemirov, Valeri"]
[Black "Turov, Maxim"]
[Result "1/2-1/2"]
[WhiteElo "2472"]
[BlackElo "2526"]
[Annotator "Finkel,A"]
[PlyCount "104"]
[EventDate "2000.01.19"]
[EventType "swiss"]
[EventRounds "10"]
[EventCountry "ESP"]
[SourceTitle "CBM 075"]
[Source "ChessBase"]
[SourceDate "2000.04.05"]
[SourceVersion "1"]
[SourceVersionDate "2000.04.05"]
[SourceQuality "1"]

1. Nf3 d5 2. g3 Nc6 3. d4 Bf5 4. c3 {This set up doesn't promise white nothing
special in the opening.} e6 5. Bg2 Nf6 6. O-O Bd6 7. Qb3 $5 {More logical
looks immidiate 7.Bg5 intending to transfer e4,but move in the game is not so
bad either:} (7. Bg5 h6 8. Bxf6 gxf6 (8... Qxf6 9. Nbd2 O-O 10. Re1 Qd8 11. e4
dxe4 12. Nxe4 Be7 13. Ned2 Rb8 14. Nc4 $14 {Alipayo,R-Ochkoos,J/Toronto ch 1995
}) 9. Nfd2 h5 10. e4 dxe4 11. Nxe4 Bxe4 12. Bxe4 f5 13. Bxc6+ bxc6 14. Qf3 Kd7
15. Nd2 h4 $132 {Sebastian,D-Barthel,D/JBL NW95/96}) (7. Nh4 $6 Bg4 (7... Bg6
$6 8. Nd2 O-O 9. Nxg6 $14 {Hrivnak,M-Orsag,M/SVK-chJM U14 1993}) 8. h3 Bh5 9.
g4 $2 Nxg4 $1 10. hxg4 Qxh4 $19) 7... Na5 8. Qa4+ c6 9. Bg5 b5 $5 10. Qd1 h6 $5
(10... Nc4 11. b3 Nb6 12. Ne5 (12. Nbd2 O-O 13. Nh4 Bg4 14. h3 Bh5 15. g4 h6 $1
$13) 12... Rc8 13. Nd2 h6 14. Bxf6 Qxf6 $132) 11. Bxf6 Qxf6 12. Nbd2 ({Nothing
promises} 12. a4 b4 13. Nbd2 O-O 14. Re1 Rab8 15. e4 dxe4 16. Nxe4 Bxe4 17.
Rxe4 bxc3 18. bxc3 Rb2 $11 {and black has very comfortable position.}) 12...
Qd8 $5 {Intending to keep the lightsqured bishop on the board after e4.} 13.
Re1 O-O 14. e4 Bh7 $5 {The idea behind 12th move of black.} (14... dxe4 15.
Nxe4 Bxe4 16. Rxe4 Nc4 17. Qe2 Nb6 18. Ne5 $14) 15. b4 $6 Nc4 16. Nxc4 bxc4 17.
e5 {After this move black bishop on h7 becomes real force.} (17. Ne5 $6 Qc7 18.
f4 a5 19. a3 axb4 20. axb4 Rxa1 21. Qxa1 f6 $15) (17. Nd2 $5) 17... Be7 18. Nd2
a5 19. a3 Ra6 20. Nf1 Qb6 21. Ne3 Rfa8 22. Rc1 axb4 23. axb4 Ra2 $15 {Now we
can see the consequances of 15th move of white:black has siezed the initiative
and puts some pressure on white's position.However white's position is
rock-solid and its unclear where black can break through.} 24. Re2 Qa6 25. h4
Qa3 $5 26. Rxa2 Qxa2 27. Qe1 Qb2 28. Bf3 Bd3 ({Another very unpleasent plan
was to play} 28... Ra3 $5 {[%csl Rc3]} 29. Kg2 Bd3 30. Kg1 g6 $1 $15 {[%cal
Gh6h5,Ge7f8,Gf8h6] transferring the bishop to h6 and threatening to take on e3.
}) 29. Ng2 Ra2 30. Nf4 g5 $5 $17 31. Ng2 (31. hxg5 Bxg5 32. Bg2 Ra3 33. Bf3 Kf8
(33... Bxf4 34. gxf4 Bc2 35. Qd2 Qxc3 36. Qxc3 Rxc3 37. Bd1 $11) 34. Bg4 Ke7
35. Bf3 Bxf4 36. gxf4 Ra8 $15) 31... Bf5 32. Bh5 Be4 $6 ({Deserved attention} 
32... gxh4 $5 33. gxh4 (33. Nxh4 $2 Bg5 34. Nxf5 Bxc1 35. Ne7+ Kf8 36. Nxc6 Bd2
$19) 33... Be4 34. Qe3 Bxg2 35. Kxg2 Bxh4 36. Rf1 Qd2 $17 {with good chanses
to win the game.}) 33. Qe3 Bd3 ({Still} 33... gxh4 $5 {was very good option.})
34. Rd1 $5 {[%cal Ge3f3] An attempt to complicate the position.} Kg7 (34...
Qxc3 $2 35. Qf3 f5 36. exf6 Bf8 37. hxg5 hxg5 38. Qe3 $40) 35. Qf3 f5 (35...
Bg6 36. Bxg6 Kxg6 (36... fxg6 37. hxg5 Bxg5 38. Nf4 $11) 37. hxg5 hxg5 38. Re1
$15) 36. exf6+ Bxf6 37. hxg5 hxg5 38. Qe3 $6 Be2 $2 {After this move white
easily holds the endgame,while after} (38... Qxc3 $1 39. Qxe6 Bxd4 (39... Qxd4
40. Ne3 Qa7 41. Qxc6 Be4 42. Qe6 $132) 40. Qe7+ Kh6 41. Qe6+ Bf6 42. Bf3 Qb2
43. Kh2 Qe5 $17 {black has sagnificient advantage.}) 39. Bxe2 Qxe2 40. Qxe2
Rxe2 41. Ne3 Rb2 (41... e5 $6 42. dxe5 Bxe5 43. b5 $1 cxb5 44. Rxd5 Bxc3 45.
Rxg5+ Kf6 46. Rxb5 Bd4 $11) 42. Re1 Rb3 43. Nd1 $5 {Preventing e5.} Rb1 44. Kf1
Rc1 45. Ke2 Rc2+ 46. Kf3 Rc1 47. Ke3 Ra1 (47... Rc2 48. Re2 Rxe2+ 49. Kxe2 e5
50. dxe5 Bxe5 51. Kd2 Kf6 52. Ne3 $11) 48. Kd2 Ra2+ 49. Kc1 Kf7 50. Kb1 Ra8 51.
Ne3 e5 52. dxe5 Bxe5 1/2-1/2

[Event "Bundesliga 0102"]
[Site "Germany"]
[Date "2001.11.24"]
[Round "3.3"]
[White "Kengis, Edvins"]
[Black "Dutreeuw, Marc"]
[Result "1/2-1/2"]
[WhiteElo "2572"]
[BlackElo "2390"]
[Annotator "Finkel,A"]
[PlyCount "89"]
[EventDate "2001.10.06"]
[EventType "team-tourn"]
[EventRounds "15"]
[EventCountry "GER"]
[SourceTitle "CBM 087"]
[Source "ChessBase"]
[SourceDate "2002.03.21"]
[SourceVersion "1"]
[SourceVersionDate "2002.03.21"]
[SourceQuality "1"]
[WhiteTeam "Godesberg"]
[BlackTeam "Heiligenhaus"]
[WhiteTeamCountry "GER"]
[BlackTeamCountry "GER"]

1. Nf3 d5 2. g3 Bg4 3. Bg2 c6 4. O-O Nd7 5. d4 {Kengis uses this variation
quiet oftenly and shows in it pritty good results, although theory considers
it as promising absolutely nothng to white.} Ngf6 6. Nbd2 e6 7. Re1 Be7 8. e4
dxe4 9. Nxe4 Nxe4 10. Rxe4 Nf6 11. Re1 Qb6 12. c3 O-O 13. Qb3 Qxb3 {Black has
tried many different moves in this position, but none of them leads to clear
eqaulity. In all variations white keeps symbolical adavntage thanks to bishops
pair and slightly more flexible pawn structure.} (13... Bxf3 14. Bxf3 Rfd8 15.
Bg5 Nd5 (15... h6 16. Bf4 Nd5 {1/2-1/2 Urban,J-Tseitlin,M/Budapest 1993/EXT 97
(16)}) 16. h4 $5 Bxg5 17. hxg5 c5 18. Rad1 $14 {Bezold,M-Kargoll,B/Karlsruhe
1991/GER}) (13... Rfd8 14. Ne5 Bf5 15. Nc4 Qxb3 16. axb3 Nd5 17. Bd2 Bf6 18.
Bf3 $14 {Yandemirov,V-Krivonogov,A/Kstovo 1998/EXT 2000}) (13... Bf5 14. Ne5
Rad8 15. Nc4 Qc7 16. a4 Nd5 17. a5 c5 18. dxc5 Bxc5 19. Bg5 Rc8 20. Ne3 Nxe3 {
1/2-1/2 Maiwald,J-Wintzer,J/Bonn 1995/CBM 45 (20)}) 14. axb3 Bxf3 (14... Bf5
15. Ne5 Rfd8 16. b4 a6 17. Bd2 h6 18. Nc4 Nd5 19. Na5 Rab8 20. Nb3 $14 {
Giffard,N-Lukasiewicz,G/Cannes 1998/CBM 63 ext}) 15. Bxf3 Rfd8 (15... a6 16.
Bg2 Rad8 17. f4 Rfe8 18. b4 Bf8 19. Bf3 Nd5 20. Bd2 g6 21. Re2 f5 $11 {Makarov,
M-Popov,V/St Petersburg 1997/CBM 61 ext}) 16. Bd2 {This natural move seems to
be the novelty, however it doesn't change much about evaluation of the
position.} (16. h4 h5 17. Bg5 g6 18. b4 a6 19. Ra5 Rd7 20. Kg2 Kg7 21. Re2 Rc8
22. Ra1 Bd6 23. Bd2 Be7 24. Bg5 Bd6 {1/2-1/2 Maiwald,J-Meins,G/Germany 1997/
GER-chT (24)}) (16. b4 a6 17. Bg5 h6 18. Bxf6 Bxf6 19. h4 {1/2-1/2 Ruck,
R-Gyimesi,Z/Pula 2000/EXT 2001 (19)}) (16. Bg5 Nd5 17. Bxd5 Bxg5 18. Bf3 Be7
19. b4 a6 20. h4 g6 21. Kg2 h5 22. Re2 Rd7 23. Be4 Rad8 24. Bc2 Bf6 25. Rae1
Kg7 {1/2-1/2 Kaid,A-Meins,G/Baunatal 1999/EXT 2000 (25)}) 16... Kf8 17. Re2 Rd7
18. Kg2 {White's plan is to advance the pawns on the kingside, since he can do
absolutely nothing neither on the queenside nor in the center.} Bd8 (18... c5
$6 19. dxc5 Bxc5 20. b4 Bb6 21. Be3 Bxe3 22. Rxe3 a6 23. b5 $14) 19. b4 Nd5 20.
Be4 h5 21. f4 g6 22. h3 Bb6 {Inviting white to advance pawns.} (22... a6 $5)
23. g4 hxg4 24. hxg4 Nf6 25. Bf3 Kg7 26. f5 exf5 27. gxf5 Re8 (27... gxf5 $5
28. Rae1 (28. Rf1 Re8 29. Rxe8 Nxe8 30. Bd1 Nd6 $11) 28... Rg8 29. Re5 Kg6 $13)
28. Rxe8 Nxe8 29. fxg6 fxg6 30. Bf4 {It seems that white managed to get
something, but with accurate defense black neutralizes white's pressure.} Nd6
31. Be5+ Kf8 32. Bg4 (32. Rh1 {[%cal Gh1h8]} Nf7 33. Bf4 Kg7 34. Be4 Re7 35.
Bd3 Bc7 $11) 32... Nf5 $1 $11 33. Bxf5 gxf5 34. Kf3 Rf7 {Even if white manages
to take the f-pawn bishops endgame is still drawn, but it's not so easy to
take a pawn!} 35. Kf4 Ke8 36. c4 a6 37. Rh1 Bd8 38. Rh6 (38. Rh5 Kd7 39. Rxf5
Rxf5+ 40. Kxf5 Be7 $11) 38... Kd7 39. d5 cxd5 40. cxd5 Ke8 41. Rh8+ Kd7 42. d6
Bf6 43. Rb8 Ke6 44. Re8+ Kd7 45. Ra8 1/2-1/2